• 首页
  • 本馆介绍
  • 公告通知
  • 最新文献
  • 馆藏检索
  • 电子资源
  • 读者导购
  • 参考咨询
  • 我的图书馆
  • 登录
  • 详细信息显示
  • 放入我的书架
  • 预约/预借图书
  • 作者相关作品
  • 分类相关作品
  • 丛书相关作品
  • 出版社相关作品

书目信息

  • 表格格式
  • 工作单格式
  • 卡片格式
题名:
哲学思维方式变革
    
 
作者: 高清海 著
分册:  
出版信息: 长春   吉林人民出版社  1997
页数: 383页
开本: 21cm
丛书名: 高清海哲学文存
单 册:
中图分类: B024.53
科图分类:
主题词: 哲学--思维方法--研究--中国--现代 , 思维方法 , 唯物辩证法--研究 , 哲学 , 唯物辩证法 , 辩证唯物主义
电子资源:
ISBN: 978-7-206-05231-6
000 01060oam2 2200313 450
001 1233776765
005 20121003092558.17
010    @a978-7-206-05231-6@dCNY25.00
100    @a20070508e20071997em y0chiy50 ea
101 0  @achi
102    @aCN@b220000
105    @ay z 000yy
106    @ar
200 1  @a哲学思维方式变革@f高清海著@Azhe xue si wei fang shi bian ge
210    @a长春@c吉林人民出版社@d1997@h2007重印
215    @a383页@d21cm
225 2  @a高清海哲学文存
330    @a本书收录作者两部专著,一是《哲学与主体自我意识》,系统地总结了作者对哲学、哲学的历史发展、马克思哲学变革的实质等问题的基本看法;二是《唯物辩证法的实质与核心》,阐述了怎样理解矛盾是辩证法的核心的问题。
461  0 @1001003515702
606 0  @a哲学@x思维方法@x研究@y中国@z现代
606 0  @a思维方法
606 0  @a唯物辩证法@x研究
606 0  @a哲学
606 0  @a唯物辩证法
606 0  @a辩证唯物主义
690    @aB024.53@v4
701  0 @a高清海@f(1930~)@4著@Agao qing hai
801  0 @aCN@b110120@c20070420
905    @a10447@dB024.53@eJY101
    
    哲学思维方式变革/高清海著.-长春:吉林人民出版社,1997(2007重印 )
    383页;21cm .-(高清海哲学文存 )
    
    
    ISBN 978-7-206-05231-6:CNY25.00
    本书收录作者两部专著,一是《哲学与主体自我意识》,系统地总结了作者对哲学、哲学的历史发展、马克思哲学变革的实质等问题的基本看法;二是《唯物辩证法的实质与核心》,阐述了怎样理解矛盾是辩证法的核心的问题。
●
相关链接 在E读中查询图书 在五车中查询图书 在当当中查询图书 在豆瓣中查询图书


正题名:哲学思维方式变革     索取号:B024.53/JY101         预约/预借

序号 登录号 条形码 馆藏地/架位号 状态 备注
1 7809698   278096980   学院路分馆/ [索取号:B024.53/JY101] 在馆    
2 7809699   278096999   学院路分馆/ [索取号:B024.53/JY101] 在馆    
唐山师范学院图书馆 欢迎您!
大连网信软件有限公司© 版权所有